000 00566nam a2200205Ia 4500
005 20250923144623.0
008 008 250917s9999 xx 000 0 eng d
037 _aTextual
040 _aDSWL
_beng
_cDSWL
041 _aeng
_2eng
084 _aVI:45y7, J2
_qDSWL
100 _aHamilton, Charles
_9826705
245 0 _aMen of the underworld
_cby Charles Hamilton
260 _aNew York
_bMacmillan Co.
_c1952
300 _axvi,336p.
365 _aUSD
_b4
925 _g4
942 _cTEXL
_hVI:45y7, J2
999 _c1441250
_d1441250